000 00377pab a2200145 454500
008 180718b1989 xxu||||| |||| 00| 0 eng d
100 _aMunjee, Naseer
245 _aHousing finance
_bThe emergence of the housing sector and its institution
260 _c1989
300 _a54-9
362 _aMar.
650 _aHousing - Finance - India
773 _aNirnay
909 _a10145
999 _c10145
_d10145